Представление документа в формате RUSMARC

ПолеНазваниеЗначение
  Тип записи a
  Библиографический уровень m
001 Контрольный номер RU/REG73/CBS_GRAD/9455c771d5a7427aac0ccb65880668fa
005 Дата корректировки 20260323101356.6
010 Индекс ISBN __
9 Тираж 150000 экз.
100 Данные общей обработки __
a Данные общей обработки 20260323d1986 cd y0rusy0189## ca
101 Язык документа 0_
a Язык текста rus
102 Страна публикации __
a Страна публикации RU
105 Кодированные данные (монография) __
a Кодированные данные (монография) a z 000yy
200 Заглавие и сведения об ответственности 1_
a Заглавие Недаром помнит вся Россия
f Первые сведения об ответственности Надежда Августиновна Надеждина
g Последующие сведения об ответственности художник А. Назаренко
g Последующие сведения об ответственности редактор Н. Постникова
203 Вид содержания и тип средства __
a Вид содержания Текст
b Характеристика содержания визуальный
c Тип средства непосредственный
210 Выходные данные 1_
a Место издания Москва
c Издательство Малыш
d Дата издания 1986
215 Физическое описание __
a Объем 34 с.
c Иллюстрации/тип воспроизводства ил.
d Формат 27 см
333 Примечание о целевом назначении __
a Примечание о целевом назначении 6+
606 Тематические рубрики 0_
a Основная рубрика История России
x Основная подрубрика Отечественная война 1812 г.
610 Ключевые слова 0_
a Ключевые слова война 1812 г.
610 Ключевые слова 0_
a Ключевые слова великие русские полководцы
610 Ключевые слова 0_
a Ключевые слова разгром Наполеона
610 Ключевые слова 0_
a Ключевые слова великие битвы
610 Ключевые слова 0_
a Ключевые слова Бородино
686 Индексы других классификаций __
a Классификационный индекс 63.3(2)46
2 Код системы rubbk
700 Автор _1
a Фамилия Надеждина
b Имя (инициалы) Н. А.
g Полное личное имя Надежда Августиновна
702 Вторичная интеллектуальная ответственность _1
a Фамилия Назаренко
b Имя (инициалы) А.
4 Код отношения 040
702 Вторичная интеллектуальная ответственность _1
a Фамилия Постникова
b Имя (инициалы) Н.
4 Код отношения 340
801 Источник записи _0
a Страна RU
b Организация RuCBSGrad
c Дата составления 20260323
g Правила каталогизации RCR
801 Источник записи _1
a Страна RU
b Организация RuCBSGrad
c Дата составления 20260323
g Правила каталогизации RCR
852 Данные о местонахождении __
a Наименование организации МБУК "ЦБС г.Димитровграда"
i Авторский знак Н 42
z Тип записи R
901 Тип документа __
t Тип документа m
909 Создатель записи __
a Создатель записи Гонюкова
b Дата создания записи 20260323